Bankový sektor analýza odvetvia

Analýza bankového sektora SR. Na Slovensku pôsobí 25 bánk a 3 pobočky zahraničných bánk. V súčasnosti banky obhospodarujú majetok v hodnote 800 mld. Sk. Štruktúra aktív a pasív VÚB, IRB, Ľudovej banky, Priemyselnej banky a Prvej komunálnej banky.

Guardado en:
Detalles Bibliográficos
Formato: Capítulo de libro
Lenguaje:eslovaco
Materias:
Etiquetas: Agregar Etiqueta
Sin Etiquetas, Sea el primero en etiquetar este registro!

MARC

LEADER 00000naa a2200000 4500
001 r032532
005 20230426111622.8
041 0 |a slo 
044 |a SK 
245 1 0 |a Bankový sektor  |b analýza odvetvia 
520 |a Analýza bankového sektora SR. Na Slovensku pôsobí 25 bánk a 3 pobočky zahraničných bánk. V súčasnosti banky obhospodarujú majetok v hodnote 800 mld. Sk. Štruktúra aktív a pasív VÚB, IRB, Ľudovej banky, Priemyselnej banky a Prvej komunálnej banky. 
610 2 0 |a bankovníctvo 
610 2 0 |a odvetvia činnosti ekonomickej 
610 2 0 |a Slovensko 
610 2 0 |a analýza finančná 
610 2 0 |a analýza technická 
610 2 0 |a aktíva 
610 2 0 |a pasíva 
610 2 0 |a banky 
610 2 0 |a VÚB, a.s. Bratislava 
610 2 0 |a IRB, a.s. Bratislava 
610 2 0 |a Ľudová banka, a.s. Bratislava 
610 2 0 |a Priemyselná banka, a.s. Košice 
610 2 0 |a Prvá komunálna banka, a.s. Bratislava